01519nam a2200277Ia 4500008004100000040001800041041002600059245005700085260005500142300002200197500003400219500033700253508009400590511005900684546007100743650002100814650003300835650005900868650002000927650007300947650002001020650004801040700003501088710002901123856008901152130821s2010 ir a gs mul  aCo-BoUCMbspa00aspa°aeng°apor°afre00aABC Áfricac[DVD]c[dirigido por] Abbas Kiarostami aTeherán (Irán)bHarvest Films Productionc2010 a1 DVDbson. color aCoproducción Irán-Uganda. aSINOSPSIS : En respuesta a una invitación para rodar una película acerca de los huérfanos de enfermos de sida en Uganda, Kiarostami y un colega viajan hasta allí para documentarse y preparar el eventual rodaje de un documental. Pero las imágenes filmadas con sus dos cámaras digitales bastarán para componer este film. aDirector, Abbas Kiarostami ; guión, Abbas Kiarostami ; fotografía, Seyfolah Samadian. aAbbas Kiarostami, Seifollah Samadian, Ramin Rafirasme. aAudio en Inglés, y Farsi. Subtítulos en Español y Catalán.04aBienestar social04aCine documentalzIránvDVD04aCine documentalzRepública de Uganda (África)vDVD04aEntretenimiento04aNiñosxCondiciones socialeszRepública de Uganda (África)vDVD04aSalud pública04aSidazRepública de Uganda (África)vDVD1 aKiarostami, Abbasd1940-edir.2 aHarvest Films Production04uhttp://www.youtube.com/watch?v=gFiPJqZpvd8zSiga este vínculo para ver el trailer.